[Event "Rottach Egern Seniors Cup 12th"]
[Site "Rottach Egern"]
[Date "2024.04.12"]
[Round "7"]
[White "Babar, Michael"]
[Black "Lindam, Ingo"]
[Result "1/2-1/2"]
[WhiteElo "2099"]
[BlackElo "2160"]
[PlyCount "46"]
[EventDate "2024.04.06"]
[EventType "swiss"]
[EventRounds "9"]
[EventCountry "GER"]
[SourceTitle "CB16_2024"]
[SourceDate "2024.04.17"]
[SourceVersion "1"]
[SourceVersionDate "2024.04.17"]
[SourceQuality "1"]

1. Nf3 Nf6 2. d4 g6 3. g3 Bg7 4. Bg2 d6 5. 0-0 0-0 6. b3 c5 7. e3 e5 8. Bb2 cxd4 9. exd4 e4 10. Nfd2 Bg4 11. f3 exf3 12. Bxf3 Bxf3 13. Qxf3 d5 14. Na3 Nc6 15. c3 Qd7 16. Nc2 Rfe8 17. Rae1 Ng4 18. Rxe8+ Rxe8 19. Re1 Rxe1+ 20. Nxe1 f5 21. Nd3 Nf6 22. Qe2 Ne4 23. Nxe4 dxe4 1/2-1/2

[Event "Bad Woerishofen op-A 35th"]
[Site "Bad Woerishofen"]
[Date "2019.03.15"]
[Round "1.30"]
[White "Frei, Markus"]
[Black "Babar, Michael"]
[Result "0-1"]
[WhiteElo "1963"]
[BlackElo "2151"]
[PlyCount "58"]
[EventDate "2019.03.15"]
[EventType "swiss"]
[EventRounds "9"]
[EventCountry "GER"]
[SourceTitle "EXT 2020"]
[Source "ChessBase"]
[SourceDate "2019.10.17"]
[SourceVersion "1"]
[SourceVersionDate "2019.10.17"]
[SourceQuality "1"]

1. Nf3 g6 2. g3 Bg7 3. Bg2 d6 4. d4 Nd7 5. 0-0 Ngf6 6. c4 0-0 7. Nc3 c6 8. e4 Qc7 9. h3 e5 10. Be3 Re8 11. d5 c5 12. Qd2 a6 13. a3 Rb8 14. a4 b6 15. Ne1 Rf8 16. Nd3 Ne8 17. Bh6 Qd8 18. Bxg7 Nxg7 19. f4 Qe7 20. Rae1 f6 21. Rf2 Ne8 22. h4 Rf7 23. h5 Nf8 24. Ref1 gxh5 25. fxe5 dxe5 26. Qh6 Rg7 27. Qxh5 Bg4 28. Qh4 h5 29. Bh3 Ng6 0-1

[Event "Lanzarote op"]
[Site "Lanzarote"]
[Date "2018.06.25"]
[Round "2"]
[White "Monge Garcia, Carlos Eloy"]
[Black "Babar, Michael"]
[Result "1/2-1/2"]
[WhiteElo "1892"]
[BlackElo "2174"]
[PlyCount "70"]
[EventDate "2018.06.25"]
[EventType "swiss"]
[EventRounds "9"]
[EventCountry "ESP"]
[SourceTitle "CBM 185 Extra"]
[Source "ChessBase"]
[SourceDate "2018.07.29"]
[SourceVersion "1"]
[SourceVersionDate "2018.07.29"]
[SourceQuality "1"]

1. d4 d5 2. c4 c6 3. e3 e6 4. Nf3 Nf6 5. Nbd2 Nbd7 6. Bd3 Be7 7. 0-0 0-0 8. b3 Re8 9. Bb2 Nf8 10. Ne5 N6d7 11. f4 f6 12. Nxd7 Bxd7 13. Qh5 Bb4 14. Nf3 Qe7 15. a3 Bd6 16. g4 Red8 17. c5 Bc7 18. Bc3 Be8 19. Qh3 Bg6 20. Bxg6 Nxg6 21. Rae1 b6 22. b4 bxc5 23. dxc5 Qd7 24. g5 f5 25. Qg3 a5 26. h4 axb4 27. axb4 Ra3 28. Bd4 Rda8 29. h5 Nf8 30. Ra1 Qe8 31. Qh2 Nd7 32. Rxa3 Rxa3 33. Ra1 Qa8 34. Qb2 Rxa1+ 35. Qxa1 Qxa1+ 1/2-1/2

[Event "Bad Woerishofen op 34th"]
[Site "Bad Woerishofen"]
[Date "2018.02.24"]
[Round "2"]
[White "Karpatchev, Aleksandr"]
[Black "Babar, Michael"]
[Result "1/2-1/2"]
[WhiteElo "2478"]
[BlackElo "2157"]
[PlyCount "84"]
[EventDate "2018.02.23"]
[EventType "swiss"]
[EventRounds "9"]
[EventCountry "GER"]
[SourceTitle "CBM 183 Extra"]
[Source "ChessBase"]
[SourceDate "2018.04.19"]
[SourceVersion "1"]
[SourceVersionDate "2018.04.19"]
[SourceQuality "1"]

1. e4 e5 2. Nf3 Nc6 3. Bb5 a6 4. Ba4 Nf6 5. d3 b5 6. Bb3 Be7 7. Nc3 d6 8. a3 0-0 9. Bg5 Na5 10. Ba2 c5 11. Bxf6 Bxf6 12. Nd5 Nc6 13. c3 Rb8 14. 0-0 g6 15. Ne1 Bg5 16. Nc2 Ne7 17. d4 Nxd5 18. Bxd5 Kg7 19. dxc5 dxc5 20. Qe2 f5 21. Rad1 f4 22. f3 Qb6 23. Kh1 Be7 24. g3 Qf6 25. Ne1 Bh3 26. Rg1 c4 27. gxf4 Qxf4 28. Rg3 Qh6 29. Qf2 Kh8 30. Qa7 Bg5 31. Ng2 Rbd8 32. Qxa6 Bf4 33. Nxf4 exf4 34. Rgg1 Qh5 35. Rgf1 Bxf1 36. Rxf1 Rxd5 37. exd5 Qxd5 38. Qa7 Rd8 39. Qc7 Kg8 40. Kg2 Rd7 41. Qc8+ Kg7 42. Re1 Qf5 1/2-1/2

[Event "Bayern-chI Bank Hofmann 21st"]
[Site "Tegernsee"]
[Date "2017.11.01"]
[Round "5"]
[White "Chu, Wei Chao"]
[Black "Babar, Michael"]
[Result "1-0"]
[WhiteElo "2340"]
[BlackElo "2130"]
[PlyCount "85"]
[EventDate "2017.10.28"]
[EventType "swiss"]
[EventRounds "9"]
[EventCountry "GER"]
[SourceTitle "CBM 181 Extra"]
[Source "ChessBase"]
[SourceDate "2017.12.12"]
[SourceVersion "1"]
[SourceVersionDate "2017.12.12"]
[SourceQuality "1"]

1. Nf3 d5 2. d4 Nf6 3. c4 e6 4. g3 Be7 5. Bg2 0-0 6. 0-0 c6 7. Qc2 Nbd7 8. Nbd2 b6 9. e4 dxe4 10. Nxe4 Bb7 11. Rd1 Nxe4 12. Qxe4 Nf6 13. Qc2 Qc7 14. Bf4 Bd6 15. Be5 Qe7 16. Ng5 g6 17. Qc3 Rfd8 18. h4 Rac8 19. a4 h6 20. Qf3 Bxe5 21. dxe5 Nd7 22. Ne4 c5 23. Qc3 Bxe4 24. Bxe4 Nb8 25. h5 g5 26. a5 Nc6 27. Bxc6 Rxc6 28. Qf3 Rcc8 29. axb6 axb6 30. Rxd8+ Rxd8 31. Qc6 Qd7 32. Qxb6 Qd4 33. Qc7 Rf8 34. Ra5 Qd1+ 35. Kg2 Qxh5 36. Qxc5 g4 37. Qd4 Rb8 38. c5 Qf5 39. Ra3 Kg7 40. c6 Rb5 41. c7 Rd5 42. Qf4 Qh5 43. Ra1 1-0

[Event "Ruhrgebiet Verbandsliga Gruppe 2 1617"]
[Site "Germany"]
[Date "2016.12.18"]
[Round "5.1"]
[White "Babar, Michael"]
[Black "Adiyaman, Rene"]
[Result "1-0"]
[WhiteElo "2073"]
[BlackElo "2068"]
[PlyCount "89"]
[EventDate "2016.09.04"]
[EventType "team-tourn"]
[EventRounds "9"]
[EventCountry "GER"]
[SourceTitle "EXT 2022"]
[Source "ChessBase"]
[SourceDate "2021.10.06"]
[SourceVersion "1"]
[SourceVersionDate "2021.10.06"]
[SourceQuality "1"]
[WhiteTeam "Dortmund Hansa II"]
[BlackTeam "Welper SV II"]
[WhiteTeamCountry "GER"]
[BlackTeamCountry "GER"]

1. Nf3 d5 2. c4 c6 3. b3 Nf6 4. Bb2 Nbd7 5. e3 e6 6. Be2 Bd6 7. d4 0-0 8. Nbd2 Bc7 9. Qc2 Re8 10. Ne5 Nxe5 11. dxe5 Nd7 12. Nf3 Ba5+ 13. Kf1 f6 14. Bd3 f5 15. h4 Nc5 16. Kg1 Nxd3 17. Qxd3 dxc4 18. Qxc4 Qd5 19. Qc2 Rd8 20. Kh2 Qd3 21. Qxd3 Rxd3 22. Rhd1 Rd5 23. Rac1 Bd7 24. Ba3 Rc8 25. Bd6 Bd8 26. Kg3 a5 27. Nd4 c5 28. Ne2 Kf7 29. Rxd5 exd5 30. Rxc5 Rxc5 31. Bxc5 b5 32. Nd4 a4 33. f4 g6 34. Kh3 h5 35. g3 Be8 36. Kg2 Ba5 37. b4 Bd8 38. Kf2 Bd7 39. Ke2 Be7 40. Bxe7 Kxe7 41. Kd3 Kd8 42. Nf3 Kc7 43. Kd4 Kc6 44. Ng5 Be8 45. a3 1-0

[Event "Wch Seniors 50 26th"]
[Site "Marianske Lazne"]
[Date "2016.11.29"]
[Round "10"]
[White "Babar, Michael"]
[Black "Syrchikov, Alexander"]
[Result "1/2-1/2"]
[WhiteElo "2129"]
[BlackElo "2416"]
[PlyCount "58"]
[EventDate "2016.11.19"]
[EventType "swiss"]
[EventRounds "11"]
[EventCountry "CZE"]
[SourceTitle "CBM 175 Extra"]
[Source "ChessBase"]
[SourceDate "2016.12.12"]
[SourceVersion "1"]
[SourceVersionDate "2016.12.12"]
[SourceQuality "1"]

1. e4 c5 2. Nf3 d6 3. Bb5+ Bd7 4. Qe2 Nc6 5. c3 Nf6 6. 0-0 e5 7. Rd1 Be7 8. d4 Qc7 9. dxe5 dxe5 10. Bg5 0-0 11. Na3 a6 12. Bc4 Rfe8 13. Bxf6 Bxf6 14. Nc2 Be6 15. Ne3 Ne7 16. Rd2 b5 17. Bd5 Rad8 18. Rad1 c4 19. Bxe6 fxe6 20. Ng4 Ng6 21. Nxf6+ gxf6 22. g3 Qb6 23. h4 Kf7 24. Nh2 Rxd2 25. Qxd2 Nf8 26. Ng4 h5 27. Nxf6 Kxf6 28. Qg5+ Kf7 29. Qxh5+ Ke7 1/2-1/2

[Event "Wch Seniors 50 26th"]
[Site "Marianske Lazne"]
[Date "2016.11.23"]
[Round "5"]
[White "Babar, Michael"]
[Black "Hoffmann, Michael3333"]
[Result "1/2-1/2"]
[WhiteElo "2129"]
[BlackElo "1920"]
[PlyCount "74"]
[EventDate "2016.11.19"]
[EventType "swiss"]
[EventRounds "11"]
[EventCountry "CZE"]
[SourceTitle "CBM 175 Extra"]
[Source "ChessBase"]
[SourceDate "2016.12.12"]
[SourceVersion "1"]
[SourceVersionDate "2016.12.12"]
[SourceQuality "1"]

1. Nf3 d5 2. g3 Nf6 3. Bg2 e6 4. 0-0 Be7 5. d3 c5 6. c3 Nc6 7. Nbd2 b6 8. e4 Qc7 9. Re1 Bb7 10. Nf1 0-0 11. Bf4 Qd8 12. e5 Nd7 13. h4 Re8 14. Qd2 Nf8 15. h5 h6 16. a3 a5 17. g4 Nh7 18. N1h2 b5 19. d4 Ba6 20. dxc5 Bxc5 21. b4 Be7 22. Bf1 Rc8 23. Bd3 Ng5 24. Nxg5 Bxg5 25. Nf3 Bxf4 26. Qxf4 f6 27. Rad1 Qc7 28. Bg6 fxe5 29. Nxe5 Rf8 30. Qg3 Nxe5 31. Rxe5 Qxc3 32. Qxc3 Rxc3 33. Rxe6 Bc8 34. Re3 axb4 35. axb4 Rc4 36. f3 d4 37. Re4 Rxb4 1/2-1/2

[Event "Ruhrgebiet Verbandsliga Gruppe 2 1617"]
[Site "Germany"]
[Date "2016.09.25"]
[Round "2.2"]
[White "Babar, Michael"]
[Black "Schriewer, Thomas"]
[Result "1-0"]
[WhiteElo "2070"]
[BlackElo "1963"]
[PlyCount "109"]
[EventDate "2016.09.04"]
[EventType "team-tourn"]
[EventRounds "9"]
[EventCountry "GER"]
[SourceTitle "EXT 2022"]
[Source "ChessBase"]
[SourceDate "2021.10.06"]
[SourceVersion "1"]
[SourceVersionDate "2021.10.06"]
[SourceQuality "1"]
[WhiteTeam "Dortmund Hansa II"]
[BlackTeam "Sodingen/Castrop SK II"]
[WhiteTeamCountry "GER"]
[BlackTeamCountry "GER"]

1. d4 d5 2. Nf3 Nf6 3. e3 Bf5 4. Be2 c6 5. 0-0 Nbd7 6. b3 e6 7. Bb2 Bd6 8. Nbd2 Ne4 9. Ne5 Nxd2 10. Qxd2 0-0 11. c4 Rc8 12. Rfe1 Nxe5 13. dxe5 Be7 14. Red1 Qc7 15. Rac1 Rfd8 16. c5 f6 17. f4 Rf8 18. Bd4 Qd8 19. Bd3 Bxd3 20. Qxd3 f5 21. b4 Qe8 22. Qe2 Kh8 23. Rd2 Rc7 24. Rb2 Rg8 25. Rb3 g5 26. Rcb1 gxf4 27. exf4 Rg4 28. Qf3 a6 29. a4 Qf8 30. h3 Rg6 31. Qf2 Qh6 32. Kh2 Rg4 33. g3 Rg7 34. b5 axb5 35. axb5 cxb5 36. Rxb5 Bf8 37. R1b3 Qh5 38. Qf3 Qxf3 39. Rxf3 h5 40. Ra3 Kh7 41. Ra8 Rgf7 42. Rb8 Kg7 43. Kg2 Rfd7 44. Kf3 Be7 45. g4 hxg4+ 46. hxg4 fxg4+ 47. Kxg4 Kg6 48. Rb6 Bxc5 49. Rxe6+ Kf7 50. Rf6+ Kg7 51. Bxc5 Rxc5 52. Rff8 d4 53. e6 Re7 54. f5 Kh6 55. Rf7 1-0

[Event "NRW Class1 1415"]
[Site "Germany"]
[Date "2015.04.26"]
[Round "9.5"]
[White "Haude, Ruediger"]
[Black "Babar, Michael"]
[Result "1-0"]
[WhiteElo "2010"]
[BlackElo "2084"]
[PlyCount "83"]
[EventDate "2014.09.14"]
[EventType "team-tourn"]
[EventRounds "9"]
[EventCountry "GER"]
[SourceTitle "EXT 2017"]
[Source "ChessBase"]
[SourceDate "2016.10.25"]
[SourceVersion "1"]
[SourceVersionDate "2016.10.25"]
[SourceQuality "1"]
[WhiteTeam "Letmathe"]
[BlackTeam "Dortmund Hansa II"]
[WhiteTeamCountry "GER"]
[BlackTeamCountry "GER"]

1. d4 Nf6 2. Nf3 e6 3. g3 b6 4. Bg2 Bb7 5. 0-0 Be7 6. c4 0-0 7. Nc3 d5 8. Qc2 Nbd7 9. Rd1 c6 10. Bf4 Qc8 11. Rac1 dxc4 12. e4 a6 13. e5 Nd5 14. Ne4 c5 15. Nfg5 g6 16. Qxc4 h6 17. Nh3 Kg7 18. Qe2 Qd8 19. dxc5 bxc5 20. Nd6 Bxd6 21. exd6 Qa5 22. Be5+ f6 23. Bc3 Nxc3 24. Rxc3 Bxg2 25. Kxg2 Rae8 26. Nf4 e5 27. Qg4 exf4 28. Qxd7+ Kg8 29. Qg4 Kh7 30. Qxf4 Qxa2 31. Rxc5 Qe6 32. Qc4 Qxc4 33. Rxc4 Rf7 34. Rc7 Kg7 35. Rc6 a5 36. Kf3 Rd8 37. Ke4 Rfd7 38. Kd5 Kf7 39. Re1 g5 40. Kc5 Rb8 41. Rc7 Rb7 42. Kc6 1-0